[Event "Aut_2. Bundesliga Ost 2005/06"]
[Site "Baden"]
[Date "2006.03.18"]
[Round "10.1"]
[White "Markos, Jan"]
[Black "Loeffler, Stefan"]
[Result "1/2-1/2"]
[WhiteElo "2495"]
[BlackElo "2440"]
[PlyCount "68"]
[EventDate "2005.10.08"]

1. d4 Nf6 2. c4 e6 3. Nf3 d5 4. Bg5 dxc4 5. e4 b5 6. a4 c6 7. Nc3 Qb6 8. Qc2
Nbd7 9. Be2 a6 10. O-O Bb7 11. Rfe1 h6 12. Be3 Qc7 13. Rad1 Bb4 14. Bd2 Be7 15.
d5 cxd5 16. exd5 Nxd5 17. axb5 O-O 18. bxa6 Nb4 19. Nb5 Nxc2 20. Nxc7 Bxf3 21.
Bxf3 Rac8 22. Nb5 Nxe1 23. Bxe1 Nb6 24. Bb7 Rc5 25. Bb4 Rxb5 26. Bxe7 Rxb2 27.
Bxf8 Kxf8 28. Kf1 Ke7 29. Ke1 f5 30. Ra1 c3 31. Rc1 Rb3 32. Ra1 Rb2 33. Rc1 Rb3
34. Ra1 Rb2 1/2-1/2

[Event "Aut_2. Bundesliga Ost 2005/06"]
[Site "Baden"]
[Date "2006.03.18"]
[Round "10.1"]
[White "Miniboeck, Guenter"]
[Black "Manik, Mikulas"]
[Result "0-1"]
[WhiteElo "2351"]
[BlackElo "2474"]
[PlyCount "72"]
[EventDate "2005.10.08"]

1. d4 Nf6 2. c4 g6 3. Nc3 Bg7 4. e4 d6 5. f3 O-O 6. Be3 e5 7. dxe5 dxe5 8. Qxd8
Rxd8 9. Nd5 Nxd5 10. cxd5 c6 11. Bc4 b5 12. Bb3 Bb7 13. Rc1 a5 14. dxc6 Nxc6
15. Bd5 Rxd5 16. exd5 Nb4 17. Rd1 Bxd5 18. a3 Nc2+ 19. Kf2 Bb3 20. Rd3 Bc4 21.
Rc3 Nxe3 22. Kxe3 Bh6+ 23. Kf2 Rd8 24. Rc2 Rd1 25. g3 Bd3 26. Rc8+ Kg7 27. Rd8
Bc1 28. b4 Bxa3 29. Ne2 Rxh1 30. Rxd3 Rxh2+ 31. Ke3 axb4 32. Rd5 b3 33. Rxb5 b2
34. Nc3 Rh1 35. Rb3 Rc1 36. Kd3 Bc5 0-1

[Event "Aut_2. Bundesliga Ost 2005/06"]
[Site "Baden"]
[Date "2006.03.18"]
[Round "10.1"]
[White "Alvir, Aco"]
[Black "Schneider-Zinner, Harald"]
[Result "1-0"]
[WhiteElo "2393"]
[BlackElo "2365"]
[PlyCount "77"]
[EventDate "2005.10.08"]

1. e4 e6 2. d4 d5 3. Nc3 dxe4 4. Nxe4 Bd7 5. Nf3 Bc6 6. Bd3 Nd7 7. O-O Ngf6 8.
Nxf6+ Qxf6 9. Be2 Bxf3 10. Bxf3 c6 11. c4 Bd6 12. b4 O-O 13. Rb1 a6 14. Rb3 Qd8
15. Bb2 Qc7 16. g3 Be7 17. d5 Bf6 18. d6 Qd8 19. Bc1 Bg5 20. Ba3 Rc8 21. Qe2 e5
22. Rd1 f5 23. Bg2 Re8 24. c5 Kh8 25. h4 Bf6 26. h5 g6 27. hxg6 hxg6 28. g4 f4
29. Be4 Kg7 30. Rh3 Rh8 31. Rxh8 Qxh8 32. Kg2 Qg8 33. g5 Bxg5 34. Qg4 Nf6 35.
Qxg5 Nxe4 36. Qxe5+ Nf6 37. Bb2 Qf7 38. d7 f3+ 39. Kxf3 1-0

[Event "Aut_2. Bundesliga Ost 2005/06"]
[Site "Baden"]
[Date "2006.03.18"]
[Round "10.1"]
[White "Brandner, Stefan"]
[Black "Lipka, Juraj"]
[Result "0-1"]
[WhiteElo "2335"]
[BlackElo "2395"]
[PlyCount "42"]
[EventDate "2005.10.08"]

1. d4 d5 2. Nc3 Nf6 3. Bg5 Nbd7 4. e3 g6 5. f4 Bg7 6. Nf3 O-O 7. Bd3 c5 8. O-O
b6 9. f5 c4 10. Be2 gxf5 11. Nh4 e6 12. Nxd5 h6 13. Nxf6+ Nxf6 14. Bxf6 Bxf6
15. Nf3 Qc7 16. Ne5 Bxe5 17. dxe5 Qxe5 18. Bxc4 Qxe3+ 19. Kh1 Bb7 20. Bd3 Kh8
21. Qh5 Rg8 0-1

[Event "Aut_2. Bundesliga Ost 2005/06"]
[Site "Baden"]
[Date "2006.03.18"]
[Round "10.1"]
[White "Kuthan, Andreas"]
[Black "Sulyok, Michael"]
[Result "1/2-1/2"]
[WhiteElo "2220"]
[BlackElo "2205"]
[PlyCount "31"]
[EventDate "2005.10.08"]

1. e4 g6 2. d4 Bg7 3. Nf3 d6 4. c3 Nf6 5. Bd3 O-O 6. O-O Nc6 7. Re1 e5 8. h3 h6
9. Na3 Bd7 10. Nc2 Nh5 11. Be3 Qf6 12. Bf1 Rad8 13. Nh2 Nf4 14. Qd2 g5 15. b4
Qg6 16. Rad1 1/2-1/2

[Event "Aut_2. Bundesliga Ost 2005/06"]
[Site "Baden"]
[Date "2006.03.18"]
[Round "10.2"]
[White "Blatny, Pavel"]
[Black "Ganaus, Hannes"]
[Result "1-0"]
[WhiteElo "2519"]
[BlackElo "2320"]
[PlyCount "157"]
[EventDate "2005.10.08"]

1. b3 Nf6 2. Bb2 b6 3. e3 Bb7 4. f4 g6 5. Nf3 Bg7 6. g3 c5 7. Bg2 Nc6 8. Qe2 d5
9. Ne5 O-O 10. g4 Nxe5 11. Bxe5 Qd7 12. h3 Ne4 13. Bxg7 Kxg7 14. Qf3 Qd6 15. g5
c4 16. h4 Rac8 17. c3 Nc5 18. b4 Nd3+ 19. Ke2 e5 20. fxe5 Qxe5 21. Rf1 Rcd8 22.
Qf6+ Kg8 23. Qxe5 Nxe5 24. Na3 Bc8 25. Nb5 Bg4+ 26. Kf2 Rd7 27. Kg3 h5 28. Rf6
Rfd8 29. Raf1 Kf8 30. Nd4 Rd6 31. R6f4 f5 32. gxf6 Nd3 33. Rxg4 hxg4 34. Kxg4
Kf7 35. Kg5 Re8 36. Kg4 Red8 37. Kg5 Re8 38. Kg4 Red8 39. Kg3 Rxf6 40. Ra1 Ke7
41. a4 Nf2 42. a5 Ne4+ 43. Bxe4 dxe4 44. b5 Kd6 45. axb6 axb6 46. Ra7 Rd7 47.
Ra8 Rdf7 48. Rc8 Rf1 49. Rxc4 Rg1+ 50. Kh3 g5 51. Rc6+ Kd7 52. Rxb6 g4+ 53. Kh2
Rff1 54. Ne2 Rh1+ 55. Kg2 Rd1 56. Rg6 Rhe1 57. Kf2 Rh1 58. Kg3 Rxd2 59. Nd4
Rh3+ 60. Kf4 g3 61. Rg7+ Kd6 62. Rg6+ Kd7 63. Ke5 g2 64. Rg7+ Kc8 65. b6 Rb2
66. Nc6 Rxb6 67. Kd6 Rxc6+ 68. Kxc6 Kb8 69. Rg8+ Ka7 70. Rxg2 Rxe3 71. c4 Rf3
72. Rg7+ Kb8 73. Re7 e3 74. c5 Rf6+ 75. Kd7 Rf4 76. h5 Rd4+ 77. Kc6 Rh4 78.
Rxe3 Rxh5 79. Kb6 1-0

[Event "Aut_2. Bundesliga Ost 2005/06"]
[Site "Baden"]
[Date "2006.03.18"]
[Round "10.2"]
[White "Neumeier, Klaus"]
[Black "Vyskocil, Neklan"]
[Result "1/2-1/2"]
[WhiteElo "2275"]
[BlackElo "2318"]
[PlyCount "85"]
[EventDate "2005.10.08"]

1. e4 c5 2. Nf3 e6 3. b3 Nc6 4. Bb2 d6 5. d4 cxd4 6. Nxd4 Bd7 7. c4 Nf6 8. Bd3
Be7 9. O-O O-O 10. Qe2 Qa5 11. Nxc6 Bxc6 12. Nc3 Qh5 13. Qxh5 Nxh5 14. Rfd1
Rfd8 15. Be2 Nf4 16. Bf3 Bf6 17. Kf1 Rac8 18. Rac1 h6 19. Rc2 b5 20. g3 Nh3 21.
cxb5 Bxb5+ 22. Be2 Bxe2+ 23. Kxe2 d5 24. exd5 exd5 25. Kd3 a6 26. Rdd2 Ng5 27.
Nd1 Bxb2 28. Nxb2 Nf3 29. Rxc8 Rxc8 30. Re2 Nxh2 31. Kd4 Rd8 32. Nd3 Nf3+ 33.
Kc5 h5 34. Re7 g5 35. Re3 Nd2 36. Re5 Ne4+ 37. Kd4 Kg7 38. a4 Nd2 39. Rxg5+ Kh6
40. Rxd5 Nxb3+ 41. Ke4 Nd2+ 42. Kd4 Nb3+ 43. Kc4 1/2-1/2

[Event "Aut_2. Bundesliga Ost 2005/06"]
[Site "Baden"]
[Date "2006.03.18"]
[Round "10.2"]
[White "Holemar, David"]
[Black "Weissenbeck, Manuel"]
[Result "1/2-1/2"]
[WhiteElo "2287"]
[BlackElo "2278"]
[PlyCount "31"]
[EventDate "2005.10.08"]

1. e4 c5 2. b4 d5 3. exd5 cxb4 4. Bb5+ Bd7 5. Be2 Nf6 6. a3 Nxd5 7. axb4 Nc6 8.
d4 e5 9. c3 Nxc3 10. Nxc3 Bxb4 11. Bd2 exd4 12. Na2 Bd6 13. Nf3 O-O 14. O-O Bf5
15. Bg5 Qd7 16. Nc1 1/2-1/2

[Event "Aut_2. Bundesliga Ost 2005/06"]
[Site "Baden"]
[Date "2006.03.18"]
[Round "10.2"]
[White "Pichler, Michael"]
[Black "Zwettler, Martin"]
[Result "1/2-1/2"]
[WhiteElo "2185"]
[BlackElo "2218"]
[PlyCount "22"]
[EventDate "2005.10.08"]

1. e4 c5 2. Nc3 a6 3. g3 b5 4. Bg2 Bb7 5. Nh3 e6 6. O-O d6 7. f4 Nc6 8. d3 Be7
9. f5 e5 10. Nf2 Nf6 11. Ng4 Nxg4 1/2-1/2

[Event "Aut_2. Bundesliga Ost 2005/06"]
[Site "Baden"]
[Date "2006.03.18"]
[Round "10.2"]
[White "Wandl, Werner"]
[Black "Lipp, Alfred"]
[Result "0-1"]
[WhiteElo "2130"]
[BlackElo "2075"]
[PlyCount "108"]
[EventDate "2005.10.08"]

1. e4 c5 2. Nc3 Nc6 3. g3 g6 4. Bg2 Bg7 5. d3 d6 6. f4 e6 7. Nf3 Nge7 8. O-O
O-O 9. Be3 Nd4 10. Qd2 Rb8 11. Rae1 Nec6 12. Ne2 b5 13. c3 Nxe2+ 14. Rxe2 b4
15. e5 bxc3 16. bxc3 Qa5 17. Ng5 Rb6 18. Ne4 dxe5 19. Bxc5 Rd8 20. Bxb6 Qxb6+
21. Qe3 Rxd3 22. Qxb6 axb6 23. fxe5 Nxe5 24. Nf6+ Bxf6 25. Rxf6 Ng4 26. Rf3
Rd1+ 27. Rf1 Rd3 28. Rc1 f5 29. Rb2 Ne3 30. Rxb6 Kg7 31. Rb8 Bd7 32. c4 Rd2 33.
Bf3 e5 34. Bd5 Kh6 35. Rb7 Ba4 36. Rcb1 e4 37. h4 Rg2+ 38. Kh1 Rxg3 39. Bg8 Kh5
40. Rxh7+ Kg4 41. Rg1 f4 42. Rh6 Be8 43. Be6+ Kf3 44. Rh8 Kf2 45. Rxg3 fxg3 46.
Bh3 Ba4 47. Rf8+ Nf5 48. Bg2 e3 49. Rb8 e2 50. Rb2 Nxh4 51. c5 Nxg2 52. Rxe2+
Kxe2 53. Kxg2 Kd3 54. Kxg3 Kc4 0-1

[Event "Aut_2. Bundesliga Ost 2005/06"]
[Site "Baden"]
[Date "2006.03.18"]
[Round "10.3"]
[White "Polak, Tomas"]
[Black "Petran, Peter"]
[Result "1/2-1/2"]
[WhiteElo "2499"]
[BlackElo "2342"]
[PlyCount "80"]
[EventDate "2005.10.08"]

1. d4 g6 2. c4 Bg7 3. e4 Nc6 4. Nf3 e5 5. d5 Nd4 6. Nxd4 exd4 7. Bd3 d6 8. O-O
Ne7 9. Re1 O-O 10. f4 c6 11. Qb3 Kh8 12. Nd2 f5 13. Nf3 fxe4 14. Bxe4 c5 15.
Ng5 Rb8 16. Bd2 h6 17. Nf3 Nf5 18. a4 a6 19. Qd3 b5 20. axb5 axb5 21. b3 bxc4
22. bxc4 Qf6 23. g3 Rb7 24. Ra8 Re7 25. Rb1 Rfe8 26. Rbb8 Bd7 27. Rxe8+ Rxe8
28. Rxe8+ Bxe8 29. g4 Nh4 30. g5 Nxf3+ 31. Bxf3 hxg5 32. fxg5 Qf7 33. Bg4 Be5
34. Kg2 Qh7 35. h3 Qb7 36. Bd1 Kg7 37. Bc2 Qf7 38. Qf3 Bd7 39. Qxf7+ Kxf7 40.
h4 Bg4 1/2-1/2

[Event "Aut_2. Bundesliga Ost 2005/06"]
[Site "Baden"]
[Date "2006.03.18"]
[Round "10.3"]
[White "Brod, Manfred"]
[Black "Chytilek, Roman"]
[Result "0-1"]
[WhiteElo "2266"]
[BlackElo "2400"]
[PlyCount "38"]
[EventDate "2005.10.08"]

1. e4 d5 2. exd5 Qxd5 3. Nc3 Qa5 4. d4 c6 5. Nf3 Bf5 6. Bc4 e6 7. Qe2 Bb4 8.
Bd2 Ne7 9. Ne5 Nd7 10. Nxd7 Kxd7 11. O-O Bxc2 12. Rfe1 Rae8 13. a3 Bxc3 14.
Bxe6+ fxe6 15. Qxe6+ Kc7 16. Bf4+ Kb6 17. bxc3 Nd5 18. Qf7 Rxe1+ 19. Rxe1 Qxc3
0-1

[Event "Aut_2. Bundesliga Ost 2005/06"]
[Site "Baden"]
[Date "2006.03.18"]
[Round "10.3"]
[White "Groetz, Harald"]
[Black "Certek, Pavel"]
[Result "1-0"]
[WhiteElo "2325"]
[BlackElo "2223"]
[PlyCount "95"]
[EventDate "2005.10.08"]

1. e4 c5 2. Nf3 Nc6 3. d4 cxd4 4. Nxd4 g6 5. c4 Bg7 6. Be3 Nf6 7. Nc3 O-O 8.
Be2 b6 9. O-O Bb7 10. f3 Nh5 11. Ndb5 d6 12. Qd2 Qb8 13. Nd5 Rc8 14. Rac1 Ba6
15. b4 Qb7 16. g4 Nf6 17. Nxf6+ Bxf6 18. Na3 Ne5 19. b5 Qd7 20. bxa6 Qa4 21.
Nb5 Qxa6 22. c5 bxc5 23. Nc7 Qa3 24. Nxa8 Rxa8 25. f4 Nc6 26. e5 dxe5 27. Bxc5
Qa4 28. Rc4 Qb5 29. a4 Qa6 30. Qc2 exf4 31. Rcxf4 Qa5 32. Bb5 Ne5 33. Bb4 Qb6+
34. Qc5 Qb7 35. g5 Rc8 36. Qe3 Bg7 37. Bc5 a6 38. Be2 f5 39. Bd4 Qd5 40. Bxe5
Bxe5 41. Bc4 Rxc4 42. Rxc4 Bxh2+ 43. Kxh2 Qxc4 44. Re1 e5 45. Rc1 Qh4+ 46. Kg2
Qg4+ 47. Kf1 f4 48. Qb3+ 1-0

[Event "Aut_2. Bundesliga Ost 2005/06"]
[Site "Baden"]
[Date "2006.03.18"]
[Round "10.3"]
[White "Schirmbeck, Hannes"]
[Black "Salamon, Werner"]
[Result "1/2-1/2"]
[WhiteElo "2120"]
[BlackElo "2170"]
[PlyCount "44"]
[EventDate "2005.10.08"]

1. e4 e5 2. Nf3 Nc6 3. Bc4 d6 4. O-O Be7 5. Re1 Nf6 6. h3 O-O 7. d4 exd4 8.
Nxd4 Nxd4 9. Qxd4 Nd7 10. Nc3 Bf6 11. Qd3 Nb6 12. Bb3 Be6 13. Qg3 Re8 14. Bf4
Bxb3 15. axb3 Be5 16. Bxe5 dxe5 17. Red1 Qe7 18. Qg4 a6 19. Ne2 Rad8 20. Ng3
Rxd1+ 21. Rxd1 Rd8 22. Rxd8+ Qxd8 1/2-1/2

[Event "Aut_2. Bundesliga Ost 2005/06"]
[Site "Baden"]
[Date "2006.03.18"]
[Round "10.3"]
[White "Wutzlhofer, Robert"]
[Black "Wiedermann, Franz"]
[Result "1/2-1/2"]
[WhiteElo "2080"]
[BlackElo "2098"]
[PlyCount "31"]
[EventDate "2005.10.08"]

1. e4 Nf6 2. e5 Nd5 3. d4 d6 4. c4 Nb6 5. exd6 exd6 6. b3 Be7 7. Nf3 O-O 8. Bb2
Bf6 9. Be2 c5 10. Nc3 Bf5 11. O-O Nc6 12. d5 Nd4 13. Bd3 Bg4 14. Be2 Bf5 15.
Bd3 Bg4 16. Be2 1/2-1/2

[Event "Aut_2. Bundesliga Ost 2005/06"]
[Site "Baden"]
[Date "2006.03.18"]
[Round "10.4"]
[White "Tibensky, Robert"]
[Black "Jansa, Vlastimil"]
[Result "1/2-1/2"]
[WhiteElo "2432"]
[BlackElo "2518"]
[PlyCount "97"]
[EventDate "2005.10.08"]

1. d4 d6 2. Bg5 Nd7 3. e3 Ngf6 4. Nf3 e5 5. Be2 Be7 6. O-O O-O 7. c4 h6 8. Bh4
Ne4 9. Bxe7 Qxe7 10. Nbd2 Nxd2 11. Qxd2 Nf6 12. b4 Re8 13. a4 a5 14. Ra2 b6 15.
b5 Bb7 16. d5 Ne4 17. Qc2 Nc5 18. Nd2 Bc8 19. Nb3 Bf5 20. Qxf5 Nxb3 21. Ra3 Nc5
22. e4 Qh4 23. g4 g6 24. Qf3 Rf8 25. Bd1 f5 26. exf5 gxf5 27. gxf5 Kh7 28. Qg2
Rxf5 29. Bc2 e4 30. Rg3 Kh8 31. Kh1 Raf8 32. Rg4 Qe7 33. Bxe4 Rg5 34. Bc2 Rf4
35. Rxg5 hxg5 36. Qh3+ Rh4 37. Qc8+ Kg7 38. Rg1 Ne4 39. Qf5 Qe5 40. Qxe5+ dxe5
41. Bxe4 Rxe4 42. Rc1 Kf6 43. Kg2 Ke7 44. c5 bxc5 45. Rxc5 Kd6 46. Rc6+ Kxd5
47. Rxc7 Rxa4 48. b6 Rb4 49. Ra7 1/2-1/2

[Event "Aut_2. Bundesliga Ost 2005/06"]
[Site "Baden"]
[Date "2006.03.18"]
[Round "10.4"]
[White "Plachetka, Jan"]
[Black "Franzen, Jozef"]
[Result "1-0"]
[WhiteElo "2439"]
[BlackElo "2379"]
[PlyCount "91"]
[EventDate "2005.10.08"]

1. d4 Nf6 2. c4 e6 3. Nc3 Bb4 4. e3 O-O 5. Bd3 c5 6. Nge2 d5 7. O-O dxc4 8.
Bxc4 cxd4 9. exd4 Nbd7 10. Bf4 Nb6 11. Bd3 Bd7 12. Be5 Nbd5 13. a3 Be7 14. Ng3
Bc6 15. Re1 Nxc3 16. bxc3 g6 17. Qd2 Nd7 18. Bf4 Re8 19. c4 Bf6 20. Be3 Rc8 21.
Bc2 Nb6 22. Bb3 Qd7 23. Rac1 Red8 24. Ne2 Ba4 25. Ba2 Be7 26. Qb2 Bc6 27. Red1
Bf6 28. Qb4 Be7 29. Qb2 Bf8 30. Rd2 Na4 31. Qb3 b5 32. c5 Qb7 33. Nf4 g5 34.
Nh5 Be7 35. Bxg5 Bxg5 36. Qg3 h6 37. h4 Qe7 38. Qe5 f6 39. Qxe6+ Qxe6 40. Bxe6+
Kf8 41. hxg5 fxg5 42. Bxc8 Rxc8 43. d5 Be8 44. Nf6 Rxc5 45. Rxc5 Nxc5 46. Rc2
1-0

[Event "Aut_2. Bundesliga Ost 2005/06"]
[Site "Baden"]
[Date "2006.03.18"]
[Round "10.4"]
[White "Meszaros, Michal"]
[Black "Beckhuis, Gernod"]
[Result "1-0"]
[WhiteElo "2354"]
[BlackElo "2328"]
[PlyCount "131"]
[EventDate "2005.10.08"]

1. e4 e6 2. d4 d5 3. Nd2 Nf6 4. e5 Nfd7 5. Bd3 c5 6. c3 Nc6 7. Ne2 cxd4 8. cxd4
f6 9. exf6 Nxf6 10. O-O Bd6 11. Nf3 Qc7 12. g3 O-O 13. Bf4 e5 14. dxe5 Nxe5 15.
Nxe5 Bxe5 16. Rc1 Qd6 17. Re1 Bg4 18. Qb3 Rf7 19. Bxe5 Qxe5 20. Nf4 Qd6 21. Bf1
Qb6 22. Qxb6 axb6 23. Bg2 Rxa2 24. h3 Bd7 25. Nxd5 Rxb2 26. Rc7 Rd2 27. Nxb6
Bc6 28. Rc8+ Rf8 29. Bxc6 bxc6 30. Rxc6 Nh5 31. Rf1 Rf6 32. Rc8+ Rf8 33. Rxf8+
Kxf8 34. Nc4 Rc2 35. Ne3 Re2 36. Kg2 Nf6 37. Ra1 Rd2 38. Kf3 Kf7 39. Ra7+ Rd7
40. Ra6 Rc7 41. g4 Rb7 42. Nf5 Rb3+ 43. Ne3 Rb7 44. h4 g6 45. Kg2 Kg7 46. f3
Rf7 47. Kg3 Ng8 48. Nc4 Re7 49. Nd6 Nf6 50. h5 Rd7 51. Kh4 Nd5 52. h6+ Kf6 53.
Nc4+ Ke7 54. Ne5 Rb7 55. Kg5 Nc7 56. Nxg6+ hxg6 57. h7 Rb8 58. Ra7 Kd6 59. Rxc7
Kxc7 60. Kxg6 Kd6 61. f4 Kd5 62. f5 Ke5 63. f6 Ke6 64. g5 Ra8 65. f7 Rf8 66.
Kh6 1-0

[Event "Aut_2. Bundesliga Ost 2005/06"]
[Site "Baden"]
[Date "2006.03.18"]
[Round "10.4"]
[White "Staudner, Oliver"]
[Black "Knoflicek, Ctibor"]
[Result "1-0"]
[WhiteElo "2380"]
[BlackElo "2192"]
[PlyCount "171"]
[EventDate "2005.10.08"]

1. e4 e5 2. Nf3 Nc6 3. d4 exd4 4. Nxd4 Nf6 5. Nxc6 bxc6 6. e5 Qe7 7. Qe2 Nd5 8.
c4 Nb6 9. Nc3 a5 10. Bd2 Ba6 11. Qe4 Qe6 12. b3 g6 13. Bd3 Bg7 14. O-O O-O 15.
f4 f5 16. Qf3 Rfe8 17. Rad1 d6 18. exd6 Qxd6 19. Bc2 Rad8 20. Be3 Rxe3 21. Qxe3
Bd4 22. Rxd4 Qxd4 23. Qxd4 Rxd4 24. Rd1 c5 25. g3 Kf7 26. Kf2 a4 27. Nxa4 Nxa4
28. bxa4 Ke6 29. Ke3 Rxd1 30. Bxd1 Kd6 31. Kd3 Bb7 32. a5 Be4+ 33. Kc3 c6 34.
g4 fxg4 35. Bxg4 Kc7 36. Kd2 Kb7 37. Ke3 Bb1 38. a3 Ka6 39. Bf3 Kxa5 40. Bxc6
Bf5 41. h4 h5 42. Be8 Bb1 43. f5 Bxf5 44. Kf4 Bd3 45. Bb5 Bc2 46. Ke5 Ba4 47.
Bxa4 Kxa4 48. Kd6 Kxa3 49. Kxc5 g5 50. hxg5 h4 51. g6 h3 52. g7 h2 53. g8=Q
h1=Q 54. Qd5 Qg1+ 55. Kb5 Qf1 56. Kc6 Kb2 57. c5 Qa6+ 58. Kc7 Qa5+ 59. Kc8 Kc2
60. Qe4+ Kd1 61. c6 Qa6+ 62. Kd7 Qb5 63. Qe6 Qa4 64. Ke7 Qh4+ 65. Ke8 Qh5+ 66.
Kd8 Qh4+ 67. Kc7 Kc2 68. Qd6 Qh7+ 69. Kb6 Qh1 70. c7 Qb1+ 71. Ka7 Qg1+ 72. Kb7
Qg7 73. Qb6 Kd1 74. Qb3+ Ke2 75. Qb5+ Ke1 76. Kb8 Qg3 77. Qc4 Kf2 78. Kb7 Qf3+
79. Ka7 Qe3+ 80. Ka6 Qa3+ 81. Kb5 Qb2+ 82. Qb4 Qe2+ 83. Kb6 Qe6+ 84. Kb7 Qd5+
85. Ka7 Qf5 86. Qd2+ 1-0

[Event "Aut_2. Bundesliga Ost 2005/06"]
[Site "Baden"]
[Date "2006.03.18"]
[Round "10.4"]
[White "Chulis, Alexander"]
[Black "Vokroj, Rene"]
[Result "0-1"]
[WhiteElo "2157"]
[BlackElo "2303"]
[PlyCount "52"]
[EventDate "2005.10.08"]

1. e4 c5 2. Ne2 Nc6 3. c4 Nd4 4. Nbc3 g6 5. Ng3 d6 6. Be2 h5 7. Nf1 Bh6 8. Ne3
e6 9. Rb1 Ne7 10. O-O Nec6 11. d3 a6 12. f4 b5 13. f5 b4 14. fxg6 fxg6 15. Na4
Ra7 16. b3 Rf7 17. Rxf7 Kxf7 18. Bf1 Rf8 19. Rb2 Kg8 20. Rf2 Rxf2 21. Kxf2 Qh4+
22. Kg1 Bf4 23. g3 Bxg3 24. hxg3 Qxg3+ 25. Bg2 Ne5 26. Kh1 Nef3 0-1

[Event "Aut_2. Bundesliga Ost 2005/06"]
[Site "Baden"]
[Date "2006.03.18"]
[Round "10.4"]
[White "Poecksteiner, Johann"]
[Black "Frank, Martin"]
[Result "1-0"]
[WhiteElo "2181"]
[BlackElo "2058"]
[PlyCount "95"]
[EventDate "2005.10.08"]

1. d4 f5 2. Nc3 d5 3. Bg5 c6 4. e3 g6 5. Bd3 Nf6 6. Bxf6 exf6 7. Qf3 Be6 8.
Nge2 Nd7 9. h3 h5 10. g4 hxg4 11. hxg4 Rxh1+ 12. Qxh1 Bf7 13. gxf5 g5 14. O-O-O
Bd6 15. Qh8+ Ke7 16. Qxd8+ Rxd8 17. Rh1 Rg8 18. Kd2 Rg7 19. Ng3 Kf8 20. Be2 Kg8
21. Bh5 Bxh5 22. Rxh5 Rh7 23. Ke2 Rxh5 24. Nxh5 Kh7 25. Kf3 Kg8 26. Kg4 Kf7 27.
f4 gxf4 28. Nxf4 Nb6 29. b3 Bxf4 30. Kxf4 Na8 31. e4 dxe4 32. Nxe4 Ke7 33. Nc5
b5 34. a4 Nc7 35. c4 bxc4 36. bxc4 Na8 37. Ke4 Nb6 38. Kd3 Nc8 39. Ne4 Kf7 40.
Kc3 a5 41. Kd3 Nb6 42. c5 Nc8 43. Nd6+ Nxd6 44. cxd6 Ke8 45. Kc4 Kd8 46. Kc5
Kd7 47. d5 cxd5 48. Kxd5 1-0

[Event "Aut_2. Bundesliga Ost 2005/06"]
[Site "Baden"]
[Date "2006.03.18"]
[Round "10.5"]
[White "Schroll, Gerhard"]
[Black "Ranits, Franz"]
[Result "1/2-1/2"]
[WhiteElo "2362"]
[BlackElo "2260"]
[PlyCount "68"]
[EventDate "2005.10.08"]

1. d4 g6 2. e4 Bg7 3. Nf3 c6 4. e5 d5 5. h3 Nh6 6. c3 f6 7. Bf4 O-O 8. Bd3 Nf7
9. Qe2 fxe5 10. Nxe5 Nd7 11. Nxd7 Bxd7 12. O-O e5 13. dxe5 Re8 14. e6 Bxe6 15.
Qc2 Qd7 16. Nd2 Ne5 17. Bxe5 Bxe5 18. Rfe1 Bxh3 19. Re3 Bg4 20. f3 Bf5 21. Bxf5
gxf5 22. Rae1 Bf4 23. Rxe8+ Rxe8 24. Rxe8+ Qxe8 25. Nf1 Qe5 26. Qf2 b6 27. Qh4
Kg7 28. Qd8 Qc7 29. Qe8 Qd6 30. Qc8 Kg6 31. Qg8+ Kh6 32. Qf7 Qe5 33. Qf8+ Kg6
34. Qg8+ Kh6 1/2-1/2

[Event "Aut_2. Bundesliga Ost 2005/06"]
[Site "Baden"]
[Date "2006.03.18"]
[Round "10.5"]
[White "Stranz, Richard"]
[Black "Neulinger, Manfred"]
[Result "0-1"]
[WhiteElo "2234"]
[BlackElo "2323"]
[PlyCount "115"]
[EventDate "2005.10.08"]

1. e4 c6 2. d4 d5 3. Nc3 dxe4 4. Nxe4 Bf5 5. Ng3 Bg6 6. N1e2 Nf6 7. Nf4 Nd5 8.
Nxg6 hxg6 9. Ne4 e6 10. g3 Nd7 11. Bg2 N7f6 12. Ng5 Qa5+ 13. Bd2 Qa6 14. b3 Bb4
15. c4 Bxd2+ 16. Qxd2 Ne7 17. O-O O-O 18. Qf4 Rad8 19. Rfd1 Qa5 20. Qe5 Qxe5
21. dxe5 Ng4 22. Nf3 c5 23. h3 Nh6 24. g4 Nc6 25. Ng5 Nxe5 26. Bxb7 Nd3 27. Bg2
Rd4 28. Nf3 Rd6 29. Rd2 Rfd8 30. Rad1 R6d7 31. Ne1 Ne5 32. Rxd7 Rxd7 33. Rxd7
Nxd7 34. Nd3 Kf8 35. Bc6 Nb8 36. Bb5 Ke7 37. Nxc5 Kd6 38. Nd3 g5 39. b4 f6 40.
f4 gxf4 41. Nxf4 g5 42. c5+ Ke7 43. Nd3 Nf7 44. Kf2 Nd8 45. Ke3 Nbc6 46. Bxc6
Nxc6 47. b5 Nd8 48. Kd4 Kd7 49. a4 Kc7 50. c6 Kb6 51. a5+ Kxb5 52. c7 Nc6+ 53.
Ke4 Ne7 54. Ne5 fxe5 55. Kxe5 Kxa5 56. Kf6 Kb6 57. Kxe7 Kxc7 58. Kxe6 0-1

[Event "Aut_2. Bundesliga Ost 2005/06"]
[Site "Baden"]
[Date "2006.03.18"]
[Round "10.5"]
[White "Posch, Werner"]
[Black "Herbst, Daniel"]
[Result "0-1"]
[WhiteElo "2250"]
[BlackElo "2219"]
[PlyCount "70"]
[EventDate "2005.10.08"]

1. e4 c5 2. Nc3 a6 3. g3 b5 4. Bg2 Bb7 5. d3 e6 6. Nh3 Ne7 7. O-O Nbc6 8. Be3
d6 9. f4 Qd7 10. a4 Nd4 11. axb5 axb5 12. Rxa8+ Bxa8 13. Ne2 Nec6 14. c3 Nxe2+
15. Qxe2 Be7 16. f5 O-O 17. f6 Bxf6 18. Rxf6 gxf6 19. Bh6 Ne5 20. Nf4 f5 21.
Qh5 Qe7 22. Bxf8 Qxf8 23. exf5 Bxg2 24. Kxg2 exf5 25. Qg5+ Qg7 26. Qxf5 Ng6 27.
Qc8+ Qf8 28. Qg4 Qa8+ 29. Kh3 Qa1 30. Qg5 Qxb2 31. Nd5 Qf2 32. Ne7+ Kf8 33.
Nxg6+ hxg6 34. Qd8+ Kg7 35. Qxd6 Qf1+ 0-1

[Event "Aut_2. Bundesliga Ost 2005/06"]
[Site "Baden"]
[Date "2006.03.18"]
[Round "10.5"]
[White "Galavics, Hermann"]
[Black "Todor, Razvan"]
[Result "0-1"]
[WhiteElo "2099"]
[BlackElo "2181"]
[PlyCount "82"]
[EventDate "2005.10.08"]

1. d4 Nf6 2. c4 g6 3. Nc3 d5 4. Nf3 Bg7 5. Qa4+ c6 6. cxd5 Nxd5 7. e4 Nb6 8.
Qa5 Bg4 9. Ne5 Be6 10. Be3 O-O 11. Rd1 f6 12. Nf3 Nc4 13. Qxd8 Rxd8 14. Bc1 Bf7
15. Be2 b5 16. d5 a6 17. Bxc4 bxc4 18. Nd2 cxd5 19. Nxc4 d4 20. Nb6 Ra7 21.
Ncd5 e6 22. Nf4 Rb7 23. Na4 e5 24. Nc5 Rb6 25. Nfd3 Bxa2 26. Bd2 Rc8 27. b3 Bf8
28. b4 Bc4 29. Ra1 Bb5 30. f3 Nd7 31. Nxd7 Bxd7 32. Ke2 Bb5 33. Rhc1 Rbc6 34.
Rxc6 Rxc6 35. Ra2 Kf7 36. g4 Ke6 37. h3 Rb6 38. Rc2 Kd7 39. Ra2 Bc4 40. Rc2
Bxd3+ 41. Kxd3 Bxb4 0-1

[Event "Aut_2. Bundesliga Ost 2005/06"]
[Site "Baden"]
[Date "2006.03.18"]
[Round "10.5"]
[White "Steiner, Adam"]
[Black "Kretschmer, Leo"]
[Result "0-1"]
[WhiteElo "2126"]
[BlackElo "1974"]
[PlyCount "90"]
[EventDate "2005.10.08"]

1. e4 e6 2. d4 d5 3. exd5 exd5 4. Nf3 Bd6 5. c4 c6 6. Nc3 Ne7 7. Be3 O-O 8. c5
Bc7 9. b4 Re8 10. Bd3 Bf5 11. O-O Nd7 12. Re1 Nf8 13. Bg5 Bxd3 14. Qxd3 f6 15.
Bd2 Qd7 16. a4 Nfg6 17. b5 Qg4 18. Ne2 Rad8 19. Ng3 Nh4 20. Nxh4 Qxh4 21. a5
cxb5 22. Qxb5 Qxd4 23. Nf5 Qxd2 24. Rxe7 Rxe7 25. Nxe7+ Kf7 26. Nf5 Qf4 27. Ng3
Qe5 28. Rb1 a6 29. Qb4 d4 30. Re1 Qd5 31. c6 Qxc6 32. Qe7+ Kg8 33. Nh5 Qd7 34.
Qe4 d3 35. Qc4+ Kh8 36. g3 Bxa5 37. Rd1 b5 38. Qe4 Bb6 39. Nf4 d2 40. Qf3 Kg8
41. h4 Bc7 42. Ng2 Be5 43. Ne3 Qd3 44. Qc6 Bxg3 45. Qe6+ Kf8 0-1

[Event "Aut_2. Bundesliga Ost 2005/06"]
[Site "Baden"]
[Date "2006.03.18"]
[Round "10.6"]
[White "Beim, Valery"]
[Black "Mahdi, Khaled"]
[Result "1-0"]
[WhiteElo "2499"]
[BlackElo "2359"]
[PlyCount "127"]
[EventDate "2005.10.08"]

1. c4 g6 2. d4 Bg7 3. e4 d6 4. Nf3 Nf6 5. Nc3 O-O 6. Be2 Bg4 7. O-O Nfd7 8. Be3
c5 9. d5 Nb6 10. Nd2 Bxe2 11. Qxe2 e6 12. Rab1 Re8 13. Nb5 a6 14. Na3 Na4 15.
Qd1 Qa5 16. Qb3 Qb4 17. Qxb4 cxb4 18. Nc2 Nd7 19. dxe6 fxe6 20. Bd4 Bxd4 21.
Nxd4 Ndc5 22. a3 bxa3 23. bxa3 Rad8 24. Rfe1 Nc3 25. Rbc1 N3a4 26. Re3 Rd7 27.
Rb1 Rc8 28. h4 e5 29. Nc2 Ne6 30. Nb4 Kg7 31. Nd5 Nf4 32. Nxf4 exf4 33. Rf3 Rf8
34. Rd3 Rc8 35. e5 Rcd8 36. Rxd6 Rxd6 37. exd6 Nc5 38. Nb3 Nxb3 39. Rxb3 Rxd6
40. Rxb7+ Kh6 41. Rb4 Kh5 42. c5 Rd1+ 43. Kh2 Rc1 44. Rxf4 Rxc5 45. f3 Ra5 46.
a4 g5 47. hxg5 Kxg5 48. Rc4 h5 49. Kg3 Rd5 50. Rb4 Rc5 51. Rd4 Ra5 52. f4+ Kf5
53. Kh4 Kf6 54. g3 Kg7 55. Re4 Kg6 56. Re6+ Kg7 57. Re5 Rxa4 58. Kxh5 Kf6 59.
Rc5 Ra1 60. Kg4 a5 61. Rc6+ Ke7 62. Ra6 a4 63. Kf5 a3 64. g4 1-0